|
|
|
|
| LEADER |
00000nkm a2200000 a 4500 |
| 001 |
vtls001391187 |
| 003 |
SK-MaSNL |
| 005 |
20260301071433.0 |
| 008 |
231206sm y0 xo 0k slo |
| 020 |
|
|
|c 1,00 Sk
|
| 035 |
|
|
|a SNK000345462
|
| 040 |
|
|
|a SNK
|b slo
|c SNK
|e AACR2
|
| 043 |
|
|
|a e-xo---
|
| 044 |
|
|
|a xo
|c SK
|
| 072 |
|
7 |
|2 konspekt
|
| 080 |
|
|
|a 908(437.67)
|2 1981
|
| 080 |
|
|
|a 711.455:615.838
|2 1981
|
| 080 |
|
|
|a (084.121)
|2 1981
|
| 245 |
0 |
0 |
|a Bardejovské kúpele
|h grafika
|b Liečebný dom Branisko
|
| 260 |
|
|
|a Martin
|b Osveta
|c [po r.1950]
|
| 300 |
|
|
|a 1 čiernobiela pohľadnica
|c 11x15 cm
|
| 650 |
0 |
7 |
|2 konspekt
|
| 651 |
|
7 |
|a Bardejovské Kúpele (Bardejov, Slovensko)
|2 SNK
|9 187552
|
| 651 |
|
7 |
|a Bardejov (Slovensko : okres)
|2 SNK
|9 28620
|
| 655 |
|
7 |
|a geografické pohľadnice
|2 SNK
|9 70522
|
| 655 |
|
7 |
|a miestne pohľadnice
|2 SNK
|9 70510
|
| 655 |
|
7 |
|a pohľadnice kultúrnych pamiatok
|2 SNK
|9 70523
|
| 958 |
|
|
|a GC
|
| 958 |
|
|
|a GBN
|
| 999 |
|
|
|c 637849
|d 639779
|
| 952 |
|
|
|t P60, <03>, [BOOK], {603}
|a SNK
|b SNK
|y PREZ
|7 0
|o snkSP 149205
|i snkPV 464/2000
|0 0
|1 0
|4 0
|d 2000-06-21
|l 0
|r 2005-01-02 00:00:00
|w 2026-02-23
|